Victories for tenants? (Record no. 77840)

MARC details
000 -LEADER
fixed length control field 01419cab a2200265 4500
001 - CONTROL NUMBER
control field ##L135252
008 - FIXED-LENGTH DATA ELEMENTS--GENERAL INFORMATION
fixed length control field 061009n2006 000 0 eng u
035 ## - SYSTEM CONTROL NUMBER
System control number (Sirsi) u135252
041 0# - LANGUAGE CODE
Language code of text/sound track or separate title eng
100 1# - MAIN ENTRY--PERSONAL NAME
Personal name Fox, Alasdair G.
245 00 - TITLE STATEMENT
Title Victories for tenants?
260 ## - PUBLICATION, DISTRIBUTION, ETC.
Date of publication, distribution, etc. 2006
490 #0 - SERIES STATEMENT
Series statement Journal of the Law Society of Scotland
Volume/sequential designation 51(9) September, 40(1)
520 ## - SUMMARY, ETC.
Summary, etc. Examines two recent decisions that have broken new ground on the legal position of joint tenancies of agricultural holdings in Scotland: "Stephen v Trustees of Cawdor Marriage Settlement Trust" and "Salvesen v Graham". They also throw new light on the circumstances in which an interest in a joint tenancy remains in being. In "Stephen" it was found that an interest which had already been extinguished was not available to be terminated at a later date. In "Graham" it was concluded that a tenancy in common is a single tenancy and that the joint tenants form a single entity. Both cases are now subject to appeal.
590 ## - LOCAL NOTE (RLIN)
Local note IKA171006
650 24 - SUBJECT ADDED ENTRY--TOPICAL TERM
Topical term or geographic name entry element SUCCESSION (SCOTLAND) ACT 1964
650 24 - SUBJECT ADDED ENTRY--TOPICAL TERM
Topical term or geographic name entry element STEPHEN V TRUSTEES OF CAWDOR MARRIAGE SETTLEMENT TRUST
650 24 - SUBJECT ADDED ENTRY--TOPICAL TERM
Topical term or geographic name entry element SALVESEN V GRAHAM
650 24 - SUBJECT ADDED ENTRY--TOPICAL TERM
Topical term or geographic name entry element AGRICULTURAL HOLDINGS (SCOTLAND) ACT 1991
650 24 - SUBJECT ADDED ENTRY--TOPICAL TERM
Topical term or geographic name entry element SMITH V GRAYTON ESTATES LTD
650 24 - SUBJECT ADDED ENTRY--TOPICAL TERM
Topical term or geographic name entry element COATS V LOGAN
651 #4 - SUBJECT ADDED ENTRY--GEOGRAPHIC NAME
Geographic name Scotland
Chronological subdivision 1999-
690 ## - LOCAL SUBJECT ADDED ENTRY--TOPICAL TERM (OCLC, RLIN)
Topical term or geographic name as entry element PROPERTY-RURAL AND NATURAL ASSETS-AGRICULTURAL PROPERTY
942 ## - ADDED ENTRY ELEMENTS (KOHA)
Suppress in OPAC 0
Holdings
Withdrawn status Lost status Source of classification or shelving scheme Damaged status Not for loan Home library Current library Shelving location Date acquired Total Checkouts Full call number Barcode Date last seen Copy number Price effective from Koha item type
    Dewey Decimal Classification     London London Journal article 09/10/2006   L135252 135252-1001 06/08/2019 1 06/08/2019 Journal article